000 00734nam a22003010a 4500
001 PT52287
003 AR-LpoUNG
005 20210131231509.0
008 191001s2013||||ag |||||||||||||||||spa d
020 _a9789870427230
_c$37
040 _aAR-LpoUNG
_bspa
_cAR-LpoUNG
_eaacr
041 _aspa
044 _aag
082 0 _aA863 827tal
100 1 _aCortázar, Julio
245 1 3 _aUn tal Lucas
250 _a2da. ed.
260 _aBuenos Aires :
_bAlfaguara,
_c2013.
300 _a188 p. :
_bfot.
650 4 _aARGENTINA
650 4 _aCUENTOS
650 4 _aFICCION
650 4 _aLITERATURA
651 4 _aDOCUMENTOS TEORICOS O METODOLOGICOS
653 _aLITERATURA ARGENTINA
905 _a52287
942 _cLSALA
999 _c10364
_d10364